Central Library OPAC University of Rajshahi

গল্পগুচ্ছ / (Record no. 40900)

MARC details
000 -LEADER
fixed length control field 00841nam a2200229 a 4500
001 - CONTROL NUMBER
control field 40900
003 - CONTROL NUMBER IDENTIFIER
rucl marc code BD-RjUL
005 - DATE AND TIME OF LATEST TRANSACTION
control field 20211209053308.0
008 - FIXED-LENGTH DATA ELEMENTS--GENERAL INFORMATION
fixed length control field 160511m19582015ii ||||| b||| 00| f ben d
035 ## - SYSTEM CONTROL NUMBER
System control number (BD-RjUL)41016
040 ## - CATALOGING SOURCE
Original cataloging agency BD-RjUL
Language of cataloging eng
Transcribing agency BD-RjUL
041 ## - LANGUAGE CODE
Language code of text/sound track or separate title eng
082 ## - DEWEY DECIMAL CLASSIFICATION NUMBER
Edition number 23
Classification number 891.443
Author mark and year THG 1962
100 ## - MAIN ENTRY--PERSONAL NAME
Personal name ঠাকুর, রবীন্দ্রনাথ
9 (RLIN) 125893
245 10 - TITLE STATEMENT
Title গল্পগুচ্ছ /
Statement of responsibility, etc. রবীন্দ্রনাথ ঠাকুর
260 ## - PUBLICATION, DISTRIBUTION, ETC. (IMPRINT)
Place of publication, distribution, etc. কলিকাতা :
Name of publisher, distributor, etc. বিশ্বভারতী,
Date of publication, distribution, etc. ১৯৫৮, ১৯৬২ , ২০১৫
300 ## - PHYSICAL DESCRIPTION
Pagination ৯৬৬ ;
Size ২৩ সেমি.
504 ## - BIBLIOGRAPHY, ETC. NOTE
Bibliography, etc গ্রন্থপঞ্জি সংযুক্ত
650 ## - SUBJECT ADDED ENTRY--TOPICAL TERM
Topical term or geographic name as entry element বাংলা উপন্যাস
9 (RLIN) 125894
Topical term or geographic name as entry element Bengali Fiction
9 (RLIN) 125895
942 ## - ADDED ENTRY ELEMENTS (KOHA)
Source of classification or shelving scheme Dewey Decimal Classification
Koha item type Books
Holdings
Lost status Source of classification or shelving scheme Damaged status Not for loan Collection code Permanent Location Current Location Shelving location Date acquired Source of acquisition Cost, normal purchase price Total Checkouts Full call number Date last seen Date checked out Copy number Koha item type
  Dewey Decimal Classification     Fiction Central Library, University of Rajshahi Central Library, University of Rajshahi   22/01/1965 Ideal, Library 5.62 2 B 891.443 THG 1962 12/05/2026 26/04/2026 C-2 Books
  Dewey Decimal Classification     Fiction Central Library, University of Rajshahi Central Library, University of Rajshahi   03/10/1963 Boimela book diper, kolkata 4.00 16 B 891.443 THG 1962 15/02/2026 15/02/2026 C-3 Books
  Dewey Decimal Classification   Not For Loan Fiction Central Library, University of Rajshahi Central Library, University of Rajshahi Reading Room 16/05/2017 Photocopy, R.U.L.     B 891.443 THG 1958 23/01/2018   C-1 Books
  Dewey Decimal Classification     Fiction Central Library, University of Rajshahi Central Library, University of Rajshahi   15/05/2017 Photocopy, R.U.L.   5 B 891.443 THG 1958 07/05/2026 22/04/2026 C-4 Books
  Dewey Decimal Classification     Fiction Central Library, University of Rajshahi Central Library, University of Rajshahi   07/03/2017 Rajshahi Vidyasagar 550.00 11 B 891.443 THG 2015 18/05/2026 05/05/2026 C-5 Books
  Dewey Decimal Classification     Fiction Central Library, University of Rajshahi Central Library, University of Rajshahi   07/03/2017 Rajshahi Vidyasagar 550.00 6 B 891.443 THG 2015 26/05/2024 08/05/2024 C-6 Books
  Dewey Decimal Classification     Fiction Central Library, University of Rajshahi Central Library, University of Rajshahi   07/03/2017 Rajshahi Vidyasagar 550.00 16 B 891.443 THG 2015 27/09/2023 10/09/2023 C-7 Books